|
|
|
|
| LEADER |
00672nam a2200193 a 4500 |
| 001 |
c000081158 |
| 003 |
CARM |
| 005 |
19930322000000.0 |
| 008 |
810322s1964 ukk 000 1 eng d |
| 019 |
1 |
|
|a 6357109
|5 LACONCORD2021
|
| 035 |
|
|
|a (OCoLC)12593737
|5 LACONCORD2021
|
| 040 |
|
|
|a 2509
|b eng
|c 2509
|d VU
|
| 100 |
1 |
|
|a Brooks, Edwy Searles,
|d b. 1889.
|
| 245 |
1 |
0 |
|a Castle Conquest.
|
| 260 |
|
|
|a London :
|b Collins,
|c 1964.
|
| 300 |
|
|
|a 191p.
|
| 852 |
8 |
|
|b CARM
|h A2:AG10G0
|i A01583
|p 0122602
|f BK
|
| 999 |
f |
f |
|i 22c16b72-1b13-5702-af75-244f6f763219
|s dfa78832-56fa-5f69-aacd-c6dd1bbe0f9e
|
| 952 |
f |
f |
|p Can circulate
|a CAVAL
|b CAVAL
|c CAVAL
|d CARM 1 Store
|e A01583
|f A2:AG10G0
|h Other scheme
|i book
|m 0122602
|